Statistics for Primetime Emmy Award for Outstanding Supporting Actress in a Comedy Series

Click here to take the quiz!

General Stats

  • This quiz has been taken 280 times
  • The average score is 20 of 62

Answer Stats

YearActress% Correct
1975Betty White
72%
1976Betty White
72%
1998Lisa Kudrow
67%
1988Estelle Getty
65%
1971Valerie Harper
57%
1972Valerie Harper
57%
1973Valerie Harper
57%
1964Ruth White
56%
2003Doris Roberts
54%
2001Doris Roberts
54%
2005Doris Roberts
54%
2002Doris Roberts
54%
1986Rhea Perlman
54%
1985Rhea Perlman
54%
1989Rhea Perlman
54%
1984Rhea Perlman
54%
1974Cloris Leachman
50%
1996Julia Louis-Dreyfus
48%
1979Sally Struthers
48%
1972Sally Struthers
48%
2000Megan Mullally
46%
2006Megan Mullally
46%
1994Laurie Metcalf
44%
1993Laurie Metcalf
44%
1992Laurie Metcalf
44%
1954Vivian Vance
41%
2011Julie Bowen
39%
2012Julie Bowen
39%
2004Cynthia Nixon
37%
1991Bebe Neuwirth
31%
1990Bebe Neuwirth
31%
1983Carol Kane
31%
2008Jean Smart
28%
2016Kate McKinnon
26%
1958Ann B. Davis
24%
1959Ann B. Davis
24%
1995Christine Baranski
24%
2014Allison Janney
22%
2015Allison Janney
22%
1987Jackée Harry
22%
1982Loretta Swit
22%
1980Loretta Swit
22%
2010Jane Lynch
17%
1997Kristen Johnston
15%
1999Kristen Johnston
15%
1978Julie Kavner
13%
2009Kristin Chenoweth
13%
2013Merritt Wever
11%
1956Nanette Fabray
11%
1968Marion Lorne
9%
1955Audrey Meadows
7%
1981Eileen Brennan
7%
2007Jaime Pressly
7%
1970Karen Valentine
7%
1962Pamela Brown
7%
1966Alice Pearce
6%
1957Pat Carroll
6%
1961Don Knotts
4%
1967Frances Bavier
4%
1963Glenda Farrell
4%
1977Mary Kay Place
4%
1969Susan Saint James
4%

Score Distribution

Percentile by Number Answered

Percent of People with Each Score

Your Score History

You have not taken this quiz